<?xml version="1.0" encoding="UTF-8"?><?xml-stylesheet type="text/xsl" href="static/style.xsl"?><OAI-PMH xmlns="http://www.openarchives.org/OAI/2.0/" xmlns:xsi="http://www.w3.org/2001/XMLSchema-instance" xsi:schemaLocation="http://www.openarchives.org/OAI/2.0/ http://www.openarchives.org/OAI/2.0/OAI-PMH.xsd"><responseDate>2026-06-07T19:38:48Z</responseDate><request verb="GetRecord" identifier="oai:docta.ucm.es:20.500.14352/54550" metadataPrefix="marc">https://docta.ucm.es/rest/oai/request</request><GetRecord><record><header><identifier>oai:docta.ucm.es:20.500.14352/54550</identifier><datestamp>2024-11-13T15:51:06Z</datestamp><setSpec>com_20.500.14352_14</setSpec><setSpec>col_20.500.14352_23</setSpec></header><metadata><record xmlns="http://www.loc.gov/MARC21/slim" xmlns:dcterms="http://purl.org/dc/terms/" xmlns:xsi="http://www.w3.org/2001/XMLSchema-instance" xmlns:doc="http://www.lyncode.com/xoai" xsi:schemaLocation="http://www.loc.gov/MARC21/slim http://www.loc.gov/standards/marcxml/schema/MARC21slim.xsd">
   <leader>00925njm 22002777a 4500</leader>
   <datafield ind2=" " ind1=" " tag="042">
      <subfield code="a">dc</subfield>
   </datafield>
   <datafield ind2=" " ind1=" " tag="720">
      <subfield code="a">Samba Campos, Estrella</subfield>
      <subfield code="e">author</subfield>
   </datafield>
   <datafield ind2=" " ind1=" " tag="260">
      <subfield code="c">2008</subfield>
   </datafield>
   <datafield ind2=" " ind1=" " tag="520">
      <subfield code="a">Nasr Hamid Abu Zayd puede considerarse como un autor de moderno perfil, dentro del campo del pensamiento arabo-islámico contemporáneo. La principal línea de investigación de Nasr Hamid Abu Zayd es el texto religioso coránico (an-nass) y lo que supone como Concepto (mafhum). Su objetivo: plantear una interpretación [exégesis] filológica del texto religioso, rechazando planteamientos, posturas y discursos, que así lo impiden. Ante lo cual, criticará el discurso religioso actual, investigando sus mecanismos y fundamentos. Nasr Hamid Abu Zayd ha sido objeto de la ceguera fanática por culpa de su producción escrita; lo que le valió una demanda y un posterior litigio con la justicia egipcia, que finalmente le divorció de su mujer. Vive exiliado en Holanda.</subfield>
   </datafield>
   <datafield ind1="8" ind2=" " tag="024">
      <subfield code="a">https://hdl.handle.net/20.500.14352/54550</subfield>
   </datafield>
   <datafield ind2="0" ind1="0" tag="245">
      <subfield code="a">Nasr Hamid Abu Zayd: el discurso religioso y su crítica</subfield>
   </datafield>
</record></metadata></record></GetRecord></OAI-PMH>